Hymns that have helped : being a collection of hymns which have been found most useful to the children of men /

Bibliographic Details
Other Authors: Stead, W. T. (William Thomas), 1849-1912
Format: Book
Language:English
Published: New York : Doubleday and McClure, 1897.
Subjects:

MARC

Tag First Indicator Second Indicator Subfields
LEADER 00000cam a2200000 4500
001 in00001350430
005 20151006060354.0
008 750714s1897 nyu 000 0 eng d
035 |a (OCoLC)01445505 
035 |9 AHG0370AM 
040 |a BHA  |c BHA  |d TXA  |d UtOrBLW 
049 |a TXAM 
090 |a BV350  |b .H96 1897 
245 0 0 |a Hymns that have helped :  |b being a collection of hymns which have been found most useful to the children of men /  |c edited with the assistance of numerous helpers by W.T. Stead. 
264 1 |a New York :  |b Doubleday and McClure,  |c 1897. 
300 |a 276 pages ;  |c 15 cm. 
336 |a text  |b txt  |2 rdacontent 
337 |a unmediated  |b n  |2 rdamedia 
338 |a volume  |b nc  |2 rdacarrier 
500 |a Words only. 
650 0 |a Hymns, English. 
700 1 |a Stead, W. T.  |q (William Thomas),  |d 1849-1912. 
999 |a MARS 
999 f f |s b06135b1-1900-3557-bd65-f0b88bd357da  |i 46954c8b-2d26-335a-ae47-ad9ccff26012  |t 0 
952 f f |p normal  |a Texas A&M University  |b College Station  |c Sterling C. Evans Library  |d Evans: Library Stacks  |t 0  |e BV350 .H96 1897  |h Library of Congress classification  |i unmediated -- volume  |m A14820958262 
998 f f |a BV350 .H96 1897  |t 0  |l Evans: Library Stacks